Score 0/86 Timer 15:00
0 Plays Today
Quarter % Correct
Deutz
89.8%
Ehrenfeld
88.8%
Kalk
86.8%
Nippes
85.8%
Porz
85.3%
Mülheim
82.3%
Sülz
80.5%
Poll
77.3%
Chorweiler
76.6%
Lindenthal
76.3%
Müngersdorf
75.3%
Lind
74.3%
Altstadt-Nord
73.3%
Altstadt-Süd
72.8%
Niehl
72.8%
Rodenkirchen
72.3%
Zollstock
72.1%
Weiden
71.3%
Neustadt-Nord
69.3%
Riehl
69.3%
Neustadt-Süd
69.1%
Pesch
69.1%
Bickendorf
65.3%
Junkersdorf
64.8%
Neuehrenfeld
64.8%
Esch-Auweiler
63.3%
Ossendorf
63.1%
Raderthal
61.6%
Bocklemünd-Mengenich
60.1%
Quarter % Correct
Klettenberg
59.1%
Zündorf
59.1%
Bayenthal
58.4%
Wahn
58.1%
Braunsfeld
57.9%
Brück
57.9%
Dellbrück
57.1%
Worringen
56.9%
Holweide
56.6%
Humboldt-Gremberg
56.1%
Longerich
55.9%
Lövenich
55.9%
Sürth
55.9%
Vingst
55.6%
Marienburg
55.1%
Weidenpesch
54.9%
Bilderstöckchen
53.6%
Godorf
51.4%
Stammheim
51.4%
Meschenich
49.6%
Ostheim
49.6%
Höhenhaus
48.6%
Flittard
48.1%
Fühlingen
47.9%
Weiß
47.1%
Dünnwald
46.9%
Merkenich
46.9%
Buchheim
45.6%
Hahnwald
44.9%
Quarter % Correct
Merheim
44.9%
Vogelsang
44.9%
Buchforst
44.1%
Höhenberg
44.1%
Raderberg
43.6%
Gremberghoven
42.1%
Rondorf
41.6%
Widdersdorf
41.6%
Neubrück
39.9%
Westhoven
39.9%
Wahnheide
39.7%
Volkhoven-Weiler
39.4%
Langel
38.2%
Eil
37.7%
Seeberg
36.9%
Blumenberg
36.2%
Grengel
35.9%
Roggendorf-Thenhoven
34.9%
Rath-Heumar
34.7%
Heimersdorf
34.2%
Ensen
33.4%
Mauenheim
32.2%
Urbach
31.9%
Lindweiler
31.4%
Elsdorf
28.9%
Libur
28.4%
Immendorf
27.9%
Finkenberg
22.7%
Remove Ads.
Support Sporcle.
Get the best of Sporcle when you Go Orange. This ad-free experience offers more features, more stats, and more fun while also helping to support Sporcle. Thank you for becoming a member.

You're not logged in!

Compare scores with friends on all Sporcle quizzes.
OR
Log In

Show Comments

Extras

Created Sep 30, 2009ReportNominate
Tags:Population Quiz, cologne, Quarter

Top Quizzes Today


Score Distribution

Your Account Isn't Verified!

In order to create a playlist on Sporcle, you need to verify the email address you used during registration. Go to your Sporcle Settings to finish the process.

Report this User

Report this user for behavior that violates our Community Guidelines.

Details: